[Event "Wuertemberg-ch U16/18 Girls"]
[Site "Germany"]
[Date "2004.04.14"]
[Round "3"]
[White "Dieringer, Monja"]
[Black "Riemer, Katrin"]
[Result "1-0"]
[WhiteElo "1131"]
[BlackElo "1063"]
[PlyCount "43"]
[EventDate "2004.04.??"]
[EventType "swiss"]
[EventRounds "7"]
[EventCountry "GER"]
[SourceTitle "EXT 2005"]
[Source "ChessBase"]
[SourceDate "2004.11.15"]
[SourceVersion "1"]
[SourceVersionDate "2004.11.15"]
[SourceQuality "1"]

1. e4 e5 2. Nf3 Nc6 3. Bc4 Bc5 4. c3 Nf6 5. d4 exd4 6. cxd4 Bb4+ 7. Nc3 Nxe4 8. 0-0 Nxc3 9. bxc3 Bxc3 10. Qb3 Bxa1 11. Bxf7+ Kf8 12. Bg5 Ne7 13. Re1 h6 14. Ne5 hxg5 15. Bg6 d5 16. Qf3+ Bf5 17. Bxf5 Nxf5 18. Qxf5+ Qf6 19. Nd7+ Kf7 20. Qxd5+ Kg6 21. Nxf6 Kxf6 22. Qe6# 1-0

[Event "Wuertemberg-ch U16/18 Girls"]
[Site "Germany"]
[Date "2004.04.13"]
[Round "2"]
[White "Riemer, Katrin"]
[Black "Langer, Antje"]
[Result "1-0"]
[WhiteElo "1063"]
[BlackElo "894"]
[PlyCount "95"]
[EventDate "2004.04.??"]
[EventType "swiss"]
[EventRounds "7"]
[EventCountry "GER"]
[SourceTitle "EXT 2005"]
[Source "ChessBase"]
[SourceDate "2004.11.15"]
[SourceVersion "1"]
[SourceVersionDate "2004.11.15"]
[SourceQuality "1"]

1. e4 e5 2. Bc4 Nf6 3. Nc3 Nc6 4. Nf3 Bb4 5. d3 d6 6. a3 Bc5 7. 0-0 0-0 8. h3 Bd4 9. Bd2 Qe7 10. Nd5 Nxd5 11. exd5 Nb8 12. c3 Bb6 13. Re1 Re8 14. Bb5 Bd7 15. Bg5 f6 16. Bxd7 Nxd7 17. Be3 c6 18. dxc6 bxc6 19. Bxb6 Nxb6 20. Qb3+ Kh8 21. Qc2 Nd7 22. b4 Rab8 23. Nh4 Qe6 24. d4 c5 25. bxc5 dxc5 26. Nf3 cxd4 27. cxd4 Qb3 28. Qc7 Qb5 29. Qxa7 Qd5 30. dxe5 Nxe5 31. Nxe5 Rxe5 32. Qxb8+ Qg8 33. Qxg8+ Kxg8 34. Rxe5 fxe5 35. Re1 Kf7 36. Rxe5 Kf6 37. Re2 g5 38. a4 h5 39. a5 Kf5 40. a6 g4 41. hxg4+ Kxg4 42. a7 h4 43. a8Q Kf4 44. Qf8+ Kg4 45. Re4+ Kg5 46. Re7 Kh5 47. Rg7 Kh6 48. Qh8# 1-0

[Event "Wuerttemberg-ch U18 Girls"]
[Site "Lindau"]
[Date "2002.04.05"]
[Round "6"]
[White "Reitz, Sabine"]
[Black "Riemer, Katrin"]
[Result "0-1"]
[WhiteElo "983"]
[BlackElo "1028"]
[PlyCount "46"]
[EventDate "2002.04.??"]
[EventType "swiss"]
[EventRounds "7"]
[EventCountry "GER"]
[SourceTitle "EXT 2003"]
[Source "ChessBase"]
[SourceDate "2002.11.25"]
[SourceVersion "1"]
[SourceVersionDate "2002.11.25"]
[SourceQuality "1"]

1. e4 e5 2. Nf3 Nc6 3. Bb5 d6 4. d3 h6 5. h3 Be7 6. Nc3 Nf6 7. Be3 0-0 8. 0-0 a6 9. Bc4 Na5 10. Bd5 c6 11. Bb3 d5 12. Nxe5 d4 13. Qh5 Nxh5 14. Bxd4 Qxd4 15. Nf3 Qf6 16. e5 Qf4 17. Ne1 Nxb3 18. axb3 Qxe5 19. Ra4 Bd6 20. f3 Bc5+ 21. Rf2 Bxf2+ 22. Kxf2 Qc5+ 23. Kf1 Ng3# 0-1